Fish Sticks (Record no. 13509)

MARC details
000 -LEADER
fixed length control field 00601nam a2200241 a 4500
020 ## - INTERNATIONAL STANDARD BOOK NUMBER
ISBN 0340444
082 00 - DEWEY DECIMAL CLASSIFICATION NUMBER
Classification number 158.1
Author Cutter LUN
100 ## - MAIN ENTRY--AUTHOR NAME
Author name Lunden, Stephen C
245 ## - TITLE STATEMENT
Title Fish Sticks
260 ## - PUBLICATION, DISTRIBUTION, ETC. (IMPRINT)
Place of publication Jeddah
Name of publisher Hodder and Stoughton
Year of publication 2003
300 ## - PHYSICAL DESCRIPTION
Number of Pages 122p
500 ## - GENERAL NOTE
General note includes index and biblioraphy
505 2# - FORMATTED CONTENTS NOTE
Formatted contents note Bibliography, Index
650 ## - SUBJECT ADDED ENTRY--TOPICAL TERM
Topical Term Personality Development
942 ## - ADDED ENTRY ELEMENTS (KOHA)
Koha item type Books
700 1# -
-- Lunden, Stephen C
Holdings
Collection code Home library Current library Date acquired Cost, normal purchase price Full call number Accession Number Koha item type
  Henry Martyn Institute Library Henry Martyn Institute Library 03/15/2007 121.00 158.1 LUN 020372 Books
                   Copyright © 2026 | Henry Martyn Institute | Hyderabad | TS-500052 | INDIA | Implemented by hmi.edu.in
Hit-Count:

Powered by Koha